LEADER 01390nam a2200301 a 4500 001 000000159822 003 CaOOAMICUS 005 20170403112939.0 008 170403s2017 be u000 u eng r 020 $a978-90-429-3094-0* 032 $aLibriCat 040 $aPUL$bita 100 1 $aFindlay, James D.$0(OLS)http://pul/name/102232 245 10$aFrom prophet to priest :$bthe characterization of Aaron in the Pentateuch /$cJames D. Findlay. 260 $aLeuven, Paris, Walpole (MA) :$bPeeters,$c2017. 300 $aVIII, 423 p. ;$c23 cm. 490 1 $aContributions to biblical exegesis and theology ;$v76 504 $aBibliografia nelle note. 630 04$aBiblia.$pV.T.$pPentateuchus$xCritica e interpretazione.$0(OLS)http://pul/subject/638 830 0$aContributions to biblical exegesis and theology ;$v76.$0(OLS)http://pul/title/27171 850 $aPUL 852 $aPUL$W1$xSL Religione 1$y3$m10(4) L 76$j183405$qStampati$B186611$CPULBib$Z2$F186611 $H129285 $81 941 1 $a8 983 0$aContributions to biblical exegesis & theology. 996 $6020$a978-90-429-3094-0*$9(OLS)http://pul/number/162306 996 $6245$aFrom prophet to priest :$bthe characterization of Aaron in the Pentateuch$9(OLS)http://pul/title/199451 996 $6260$aLeuven, Paris, Walpole (MA) :$bPeeters$9(OLS)http://pul/publisher/80881 LEADER 01351nam a2200277 a 4500 001 000000160325 003 CaOOAMICUS 005 20170426154019.0 008 170426s1968 xxu m 001 u eng r 032 $aLibriCat 040 $aPUL$bita 100 1 $aMcAndrews, James F.$0(OLS)http://pul/name/102564 245 14$aThe human person and the moral apriori : $bsubjectivity in the ethics of Dietrich von Hildebrand /$cJames F. McAndrews. 260 $aWoodstock :$bWoodstock College Press,$c1968. 300 $ax, 75 p. ; $c25 cm. 502 $aEstratto di Tesi -- Pontificia Universitas Gregoriana. Facultas Philosophiae. 1966. 504 $aBibliografia in nota a pič pagina. 600 14$aHildebrand, Dietrich von.$0(OLS)http://pul/subject/19156 710 2 $aPontificia Universitā Gregoriana.$bFacoltā di filosofia.$kTesi.$0(OLS)http://pul/name/82053 850 $aPUL 852 $aPUL$W1$xDP1 Tesi Pon. Univ. Gregoriana$y40$mTH PUG 1957$j183929$qTesi$B187137$CPULBib$Z2$F187137 $H30417 $82 941 1 $a16 960 $aVon Hildebrand, Dietrich$919156 996 $6245$aThe human person and the moral apriori : $bsubjectivity in the ethics of Dietrich von Hildebrand$9(OLS)http://pul/title/199975 996 $6260$aWoodstock :$bWoodstock College Press$9(OLS)http://pul/publisher/86145